Teaching secondary school science: strategies for developing scientific literacy

I tiakina i:
Ngā taipitopito rārangi puna kōrero
Ngā kaituhi matua: Trowbridge, Leslie W (Author), Bybee, Rodger W (Author), Powell, Janet Carlson (Author)
Hōputu: Pukapuka
Reo:Ingarihi
I whakaputaina: Upper Saddle River Prentice Hall 2000
Putanga:7a. ed
Ngā marau:
Ngā Tūtohu: Tāpirihia he Tūtohu
Kāore He Tūtohu, Me noho koe te mea tuatahi ki te tūtohu i tēnei pūkete!

MARC

LEADER 00000nam a2200000 a 4500
001 UCM6685
003 CL-VaPUC
008 021122e20000000us |||||||||||||||||eng|d
082 0 4 |a 507.12  |b TRO  |2 21 
100 0 |a Trowbridge, Leslie W  |e author  |9 472469 
700 0 |a Bybee, Rodger W  |e author  |9 472470 
700 0 |a Powell, Janet Carlson  |e author  |9 472471 
245 1 0 |a Teaching secondary school science: strategies for developing scientific literacy 
250 |a 7a. ed 
300 |a 514 p 
942 |c BK 
945 |d 20021122 00:00:00  |a vberengu 
260 |a Upper Saddle River  |b Prentice Hall  |c 2000 
650 0 |a Ciencia  |9 255691 
650 0 |a Estudio y enseñanza  |9 270395 
583 |a last modification  |c 20180327 03:38:44  |k Rodrigo Vera 
999 |c 301918  |d 301916 
952 |0 0  |1 0  |4 0  |6 507_120000000000000_TRO_2000  |7 0  |8 A  |9 361735  |a FDOPOS  |b FDOPOS  |d 2019-11-21  |i 3845117  |o 507.12 TRO 2000  |p 3845117  |r 2025-01-22  |w 2019-11-21  |y BK  |k MLA